Estatísticas para Espanha

Clique aqui para jogar o quiz

Estatísticas Gerais

  • Esse quiz foi jogado 10 vezes
  • A pontuação média é 4 de 15

Estatísticas das Respostas

Resposta% Correto
Sagrada Família
100%
Estádio Santiago Bernabéu
56%
Alhambra
33%
Casa Batlló
33%
Parque Güell
33%
Alcáceres Reais de Sevilha
22%
Casa Milà
22%
La Boqueria
22%
Museu do Prado
22%
Parque Warner
22%
Sevilha
22%
La Rambla
11%
Museu Guggenheim Bilbao
11%
Salamanca
11%
Mercado de Nuestra Señora de África
0%

Distribuição das Pontuações

Percentil de Números Respondidos

Porcentagem de Pessoas com Cada Pontuação

Sua Pontuação Histórica

Você não jogou esse quiz